000 005020000a22001690004500
003 LK-CoMWRAF
005 20231127101601.0
008 230817t1985 ||||| |||| 00| 0 eng d
040 _aLK-CoMWRAF
_dLK-CoMWRAF
_eLK-CoMWRAF
041 _aeng
082 _a305.4
_bUNI
245 _aThe UN decade for women:
_bprogress and achievements of women in Sri Lanka
260 _aColombo:
_bCENWOR,
_c[1985]
300 _a218 p. : ill. ; 27 cm.
_bBibliography included
650 _aWOMEN-Sri Lanka.
942 _cBK
999 _c2553
_d2553